Refrigeration and air conditioning (Record no. 3560)

000 -LEADER
fixed length control field 00486nam a22001817a 4500
008 - FIXED-LENGTH DATA ELEMENTS--GENERAL INFORMATION
fixed length control field 200619b ||||| |||| 00| 0 eng d
020 ## - INTERNATIONAL STANDARD BOOK NUMBER
International Standard Book Number 08769219010
082 00 - DEWEY DECIMAL CLASSIFICATION NUMBER
Classification number 621.56
Item number J821
100 ## - MAIN ENTRY--PERSONAL NAME
9 (RLIN) 859
Personal name Jordan, Richard C.
245 10 - TITLE STATEMENT
Title Refrigeration and air conditioning
250 ## - EDITION STATEMENT
Edition statement 2nd ed.
260 ## - PUBLICATION, DISTRIBUTION, ETC. (IMPRINT)
Place of publication, distribution, etc New Delhi
Name of publisher, distributor, etc Prentice-Hall
Date of publication, distribution, etc 1973
300 ## - PHYSICAL DESCRIPTION
Extent xv,555p.
365 ## - TRADE PRICE
Unit of pricing 42.25
650 #0 - SUBJECT ADDED ENTRY--TOPICAL TERM
Topical term or geographic name as entry element Air Conditioning
700 ## - ADDED ENTRY--PERSONAL NAME
9 (RLIN) 860
Personal name Priester, Gayle B.
942 ## - ADDED ENTRY ELEMENTS (KOHA)
Item type Books
Holdings
Withdrawn status Lost status Source of classification or shelving scheme Damaged status Not for loan Permanent location Current location Date acquired Source of acquisition Full call number Barcode Date last seen Koha item type
          IMU Kolkata IMU Kolkata 1959-02-06 Book center 621.56 J821 02465 2020-06-19 Books
Designed and Maintained by IMU-KC Library, Kolkata Campus © Copyright All Rights Reserved

webs counters

Powered by Koha